Statistics for Every Duran Duran song that hit the Billboard hot 100

Click here to take the quiz!

General Stats

  • This quiz has been taken 112 times
  • The average score is 10 of 21

Answer Stats

Peak Chart PositionYearSong% Correct
141983Rio
94%
31983Hungry Like The Wolf
88%
11984The Reflex
85%
11985A View To A Kill
73%
161985Save A Prayer
73%
21987Notorious
68%
31983Union Of The Snake
63%
31993Ordinary World
62%
101984New Moon On Monday
61%
41983Is There Something I Should Know
60%
71993Come Undone
55%
21984The Wild Boys
52%
391987Skin Trade
43%
221989All She Wants Is
32%
521997Electric Barbarella
27%
892004(Reach Up For The) Sunrise
27%
41988I Don't Want Your Love
26%
701987Meet El Presidente
21%
451993Too Much Information
17%
641990Violence Of Summer (Love's Taking Over)
14%
721989Do You Believe In Shame?
10%

Score Distribution

Percentile by Number Answered

Percent of People with Each Score

Your Score History

You have not taken this quiz